000
00292nam a2200109Ia 4500
005
20251222143211.0
008
251222s9999||||xx |||||||||||||| ||spa||
082
_a
370.91/U61
245
0
_a
Guía Teórica del Idioma Asháninka
264
_b
Universidad Católica Sedes Sapientiae
942
_c
LIB
999
_c
13452
_d
13452